[Event "Jirasek Memorial op 23rd"]
[Site "Rakovnik"]
[Date "2011.08.12"]
[Round "8"]
[White "Rozsafny, Michal"]
[Black "Klakurka, Stanislav"]
[Result "0-1"]
[WhiteElo "1943"]
[BlackElo "1939"]
[PlyCount "64"]
[EventDate "2011.08.06"]
[EventType "swiss"]
[EventRounds "9"]
[EventCountry "CZE"]
[SourceTitle "CBM 143 Extra"]
[Source "ChessBase"]
[SourceDate "2011.08.29"]
[SourceVersion "1"]
[SourceVersionDate "2011.08.29"]
[SourceQuality "1"]

1. e4 c5 2. Nf3 Nc6 3. d4 cxd4 4. Nxd4 e5 5. Nb5 d6 6. c4 a6 7. N5c3 f5 8. Bd3 f4 9. Nd5 Nf6 10. Nbc3 Be7 11. Bd2 Nd4 12. Nxf6+ Bxf6 13. Nd5 0-0 14. Bc3 Nc6 15. Qe2 Ne7 16. 0-0-0 Nxd5 17. exd5 b5 18. cxb5 axb5 19. a3 Qb6 20. Bxb5 Bf5 21. Bc6 Rxa3 22. bxa3 Qb1+ 23. Kd2 Qc2+ 24. Ke1 Qxc3+ 25. Kf1 Qxa3 26. Kg1 Rb8 27. h3 e4 28. Kh2 f3 29. gxf3 Rb2 30. Rd2 Be5+ 31. Kg1 exf3 32. Qe1 Rxd2 0-1

[Event "Jirasek Memorial op 23rd"]
[Site "Rakovnik"]
[Date "2011.08.06"]
[Round "1"]
[White "Rozsafny, Michal"]
[Black "Pliva, Vojtech"]
[Result "1/2-1/2"]
[WhiteElo "1943"]
[BlackElo "2066"]
[PlyCount "38"]
[EventDate "2011.08.06"]
[EventType "swiss"]
[EventRounds "9"]
[EventCountry "CZE"]
[SourceTitle "CBM 143 Extra"]
[Source "ChessBase"]
[SourceDate "2011.08.29"]
[SourceVersion "1"]
[SourceVersionDate "2011.08.29"]
[SourceQuality "1"]

1. Nf3 d5 2. d4 c5 3. g3 Nf6 4. Bg2 Bf5 5. Nbd2 e6 6. c4 Nbd7 7. 0-0 Be7 8. b3 h6 9. Bb2 0-0 10. Re1 Ne4 11. Nxe4 Bxe4 12. Nd2 Bxg2 13. Kxg2 f5 14. Qc2 Bd6 15. f3 Qg5 16. e4 dxe4 17. fxe4 f4 18. e5 fxg3 19. hxg3 Be7 1/2-1/2

[Event "Teplice op 6th"]
[Site "Teplice"]
[Date "2011.06.19"]
[Round "9"]
[White "Rozsafny, Michal"]
[Black "Popelka, Pavel"]
[Result "1-0"]
[WhiteElo "1916"]
[BlackElo "1993"]
[PlyCount "89"]
[EventDate "2011.06.11"]
[EventType "swiss"]
[EventRounds "9"]
[EventCountry "CZE"]
[SourceTitle "CBM 142 Extra"]
[Source "ChessBase"]
[SourceDate "2011.06.27"]
[SourceVersion "1"]
[SourceVersionDate "2011.06.27"]
[SourceQuality "1"]

1. g3 e5 2. Bg2 Nf6 3. e4 Bc5 4. Ne2 Nc6 5. d3 0-0 6. Nbc3 h6 7. 0-0 a6 8. a3 d5 9. b4 Ba7 10. Bb2 Bg4 11. h3 Bd7 12. Kh2 Nh7 13. f4 Nd4 14. f5 f6 15. h4 c6 16. Ng1 Be8 17. Bc1 Kh8 18. Nh3 Nb5 19. Ne2 Bh5 20. Bf3 Qe8 21. g4 Bf7 22. c4 Nd4 23. Nxd4 Bxd4 24. Ra2 a5 25. Rg2 axb4 26. axb4 Ra1 27. Qe2 b5 28. g5 hxg5 29. hxg5 fxg5 30. Nxg5 bxc4 31. dxc4 Qe7 32. Rg3 Rfa8 33. Rh3 Bg8 34. Bg2 Qf6 35. Nxh7 Bxh7 36. Qh5 Kg8 37. Qxh7+ Kf7 38. Qg6+ Qxg6 39. fxg6+ Kxg6 40. Bf3 R8a2+ 41. Kg3 Be3 42. Bh5+ Kh7 43. Bxe3 g6 44. Bg4+ Kg8 45. Be6+ 1-0

[Event "Teplice op 6th"]
[Site "Teplice"]
[Date "2011.06.17"]
[Round "7"]
[White "Rozsafny, Michal"]
[Black "Vrchotka, Josef"]
[Result "0-1"]
[WhiteElo "1916"]
[BlackElo "2017"]
[PlyCount "92"]
[EventDate "2011.06.11"]
[EventType "swiss"]
[EventRounds "9"]
[EventCountry "CZE"]
[SourceTitle "CBM 142 Extra"]
[Source "ChessBase"]
[SourceDate "2011.06.27"]
[SourceVersion "1"]
[SourceVersionDate "2011.06.27"]
[SourceQuality "1"]

1. e4 c6 2. d4 d5 3. exd5 cxd5 4. c4 Nf6 5. Nc3 e6 6. Nf3 Bb4 7. Bd2 0-0 8. Qb3 Bxc3 9. bxc3 dxc4 10. Bxc4 Nc6 11. Bd3 e5 12. dxe5 Qxd3 13. exf6 Re8+ 14. Be3 Be6 15. Qb2 Bc4 16. Qd2 Qg6 17. 0-0-0 Qxf6 18. Rhe1 h6 19. Bd4 Qf5 20. Rxe8+ Rxe8 21. Re1 Rd8 22. Ne5 Nxd4 23. cxd4 Qe6 24. Nxc4 Qxc4+ 25. Kb1 g6 26. Rd1 Rd5 27. Qd3 Qa4 28. Rd2 b5 29. Qc3 b4 30. Qc4 Qd7 31. Kb2 a5 32. a3 bxa3+ 33. Kxa3 Qd6+ 34. Ka2 h5 35. g3 Kg7 36. h4 f6 37. Rd3 g5 38. hxg5 fxg5 39. Rf3 Qd7 40. Qa6 Qa4+ 41. Ra3 Qc2+ 42. Ka1 Qd1+ 43. Ka2 Rxd4 44. Qb7+ Kh6 45. Rb3 Rd2+ 46. Rb2 Qa4+ 0-1

[Event "Teplice op 6th"]
[Site "Teplice"]
[Date "2011.06.16"]
[Round "6"]
[White "Vnoucek, Pavel"]
[Black "Rozsafny, Michal"]
[Result "0-1"]
[WhiteElo "1723"]
[BlackElo "1916"]
[PlyCount "68"]
[EventDate "2011.06.11"]
[EventType "swiss"]
[EventRounds "9"]
[EventCountry "CZE"]
[SourceTitle "CBM 142 Extra"]
[Source "ChessBase"]
[SourceDate "2011.06.27"]
[SourceVersion "1"]
[SourceVersionDate "2011.06.27"]
[SourceQuality "1"]

1. d4 c6 2. e4 d5 3. exd5 cxd5 4. c4 Nf6 5. Nc3 Nc6 6. Nf3 Bg4 7. cxd5 Nxd5 8. Qb3 Bxf3 9. gxf3 Ndb4 10. Be3 Nxd4 11. Bxd4 Qxd4 12. Rd1 Qb6 13. Bc4 e6 14. 0-0 Be7 15. a3 Nc6 16. Qxb6 axb6 17. Nb5 Rc8 18. Nd6+ Bxd6 19. Rxd6 Ke7 20. Rfd1 Rhd8 21. Rxd8 Rxd8 22. Rxd8 Kxd8 23. Kg2 Ke7 24. f4 g6 25. Kf3 Kd6 26. Ke4 Kc5 27. Be2 f5+ 28. Kd3 Ne7 29. Bf3 Nd5 30. b4+ Kb5 31. Kd4 Ka4 32. Bxd5 exd5 33. Kxd5 Kxa3 34. Kc4 Ka4 0-1

[Event "Teplice op 6th"]
[Site "Teplice"]
[Date "2011.06.12"]
[Round "2"]
[White "Maly, Jiri"]
[Black "Rozsafny, Michal"]
[Result "0-1"]
[WhiteElo "1690"]
[BlackElo "1916"]
[PlyCount "96"]
[EventDate "2011.06.11"]
[EventType "swiss"]
[EventRounds "9"]
[EventCountry "CZE"]
[SourceTitle "CBM 142 Extra"]
[Source "ChessBase"]
[SourceDate "2011.06.27"]
[SourceVersion "1"]
[SourceVersionDate "2011.06.27"]
[SourceQuality "1"]

1. d4 c6 2. e4 d5 3. Nc3 dxe4 4. Nxe4 Nd7 5. Nf3 Ngf6 6. Nc3 e6 7. Bg5 Qb6 8. Rb1 c5 9. Be3 Ng4 10. Bb5 a6 11. dxc5 Bxc5 12. Bxc5 Qxc5 13. Bxd7+ Bxd7 14. Qd4 Qxd4 15. Nxd4 0-0-0 16. 0-0 e5 17. Nf3 f6 18. h3 Nh6 19. b3 Bc6 20. Rfe1 Bxf3 21. gxf3 Rd2 22. Re2 Rhd8 23. Kf1 Nf5 24. Ne4 Rxe2 25. Kxe2 Nd4+ 26. Kf1 Nxf3 27. Kg2 Nh4+ 28. Kf1 Rd4 29. Nc3 Rd2 30. Rc1 f5 31. Nb1 Rd6 32. Ke2 g5 33. c4 Ng6 34. Rc3 Nf4+ 35. Ke1 Rd3 36. Rxd3 Nxd3+ 37. Ke2 Nf4+ 38. Kf3 Nxh3 39. Nd2 h5 40. Kg3 g4 41. f3 Kd7 42. fxg4 hxg4 43. c5 Ng5 44. b4 Ne4+ 45. Nxe4 fxe4 46. Kxg4 Ke6 47. Kg3 Kd5 48. Kf2 Kc4 0-1

[Event "CZE-chTW U20 1011"]
[Site "Czech Republic"]
[Date "2010.11.27"]
[Round "5.2"]
[White "Haman, Jakub"]
[Black "Rozsafny, Michal"]
[Result "1/2-1/2"]
[WhiteElo "2035"]
[BlackElo "1854"]
[PlyCount "107"]
[EventDate "2010.10.02"]
[EventType "team-tourn"]
[EventRounds "11"]
[EventCountry "CZE"]
[SourceTitle "EXT 2012"]
[Source "ChessBase"]
[SourceDate "2011.11.24"]
[SourceVersion "1"]
[SourceVersionDate "2011.11.24"]
[SourceQuality "1"]
[WhiteTeam "Kladno (U20)"]
[BlackTeam "Udlice (U20)"]
[WhiteTeamCountry "CZE"]
[BlackTeamCountry "CZE"]

1. e4 c6 2. d4 d5 3. e5 Bf5 4. Be3 e6 5. Nd2 Nd7 6. f4 c5 7. c3 Qb6 8. Qb3 c4 9. Qxb6 axb6 10. Ngf3 b5 11. h3 Ne7 12. Be2 Nc6 13. 0-0 b4 14. g4 Bg6 15. Ne1 f5 16. exf6 Nxf6 17. f5 exf5 18. gxf5 Bh5 19. Bxh5+ Nxh5 20. Nc2 Bd6 21. cxb4 Bxb4 22. Bg5 Bxd2 23. Bxd2 0-0 24. Kg2 Rae8 25. Rf3 Re2+ 26. Rf2 Rfe8 27. Raf1 R8e4 28. Rxe2 Rxe2+ 29. Rf2 Rxf2+ 30. Kxf2 Nf6 31. Kf3 Ne7 32. Kf4 Ne4 33. Bc3 Kf7 34. Ne3 Nf2 35. Ke5 Nd3+ 36. Kd6 b5 37. a3 h5 38. Nxd5 Nxf5+ 39. Kc6 g5 40. Kxb5 g4 41. hxg4 h4 42. gxf5 h3 43. Kxc4 Nxb2+ 44. Bxb2 h2 45. Nb4 h1Q 46. d5 Qf1+ 47. Nd3 Qxf5 48. a4 Ke8 49. a5 Kd8 50. a6 Qc8+ 51. Nc5 Qg4+ 52. Bd4 Qe2+ 53. Kc3 Qe1+ 54. Kc4 1/2-1/2

[Event "CZE-chTW U20 1011"]
[Site "Czech Republic"]
[Date "2010.10.03"]
[Round "4.2"]
[White "Seidl, Stepan"]
[Black "Rozsafny, Michal"]
[Result "1-0"]
[WhiteElo "2088"]
[BlackElo "1854"]
[PlyCount "71"]
[EventDate "2010.10.02"]
[EventType "team-tourn"]
[EventRounds "11"]
[EventCountry "CZE"]
[SourceTitle "EXT 2012"]
[Source "ChessBase"]
[SourceDate "2011.11.24"]
[SourceVersion "1"]
[SourceVersionDate "2011.11.24"]
[SourceQuality "1"]
[WhiteTeam "Polabiny (U20)"]
[BlackTeam "Udlice (U20)"]
[WhiteTeamCountry "CZE"]
[BlackTeamCountry "CZE"]

1. e4 c6 2. Nc3 d5 3. Nf3 dxe4 4. Nxe4 Bf5 5. Ng3 Bg6 6. h4 h6 7. Ne5 Qd6 8. d4 Nd7 9. Nxg6 Qxg6 10. Bd3 Qe6+ 11. Be3 Ngf6 12. c4 Qd6 13. 0-0 e6 14. Re1 Be7 15. Qf3 Qc7 16. Rad1 0-0-0 17. Bf4 Bd6 18. Bxd6 Qxd6 19. Be4 g5 20. h5 Rhg8 21. d5 exd5 22. cxd5 Ne5 23. Qf5+ Kb8 24. Bc2 Nfd7 25. dxc6 Qxc6 26. Rxe5 Nxe5 27. Qxe5+ Qc7 28. Rxd8+ Rxd8 29. Qxc7+ Kxc7 30. Nf5 Rh8 31. Bb3 f6 32. Kh2 Kd7 33. Kg3 b6 34. Kg4 a6 35. Ne3 Rf8 36. Kf5 1-0

[Event "Teplice op 5th"]
[Site "Teplice"]
[Date "2010.06.18"]
[Round "7"]
[White "Novosadova, Kristyna"]
[Black "Rozsafny, Michal"]
[Result "1/2-1/2"]
[WhiteElo "2054"]
[BlackElo "1767"]
[PlyCount "110"]
[EventDate "2010.06.12"]
[EventType "swiss"]
[EventRounds "9"]
[EventCountry "CZE"]
[SourceTitle "CBM 136 Extra"]
[Source "ChessBase"]
[SourceDate "2010.07.02"]
[SourceVersion "2"]
[SourceVersionDate "2010.07.15"]
[SourceQuality "1"]

1. e4 c6 2. d4 d5 3. e5 Bf5 4. Nc3 e6 5. g4 Bg6 6. Nge2 Nd7 7. Nf4 c5 8. Bb5 a6 9. Bxd7+ Qxd7 10. Be3 c4 11. h4 h6 12. Nxg6 fxg6 13. Ne2 b5 14. c3 Qf7 15. Nf4 Ne7 16. a4 b4 17. cxb4 Nc6 18. b5 Bb4+ 19. Kf1 Na5 20. Qc2 Nb3 21. Rb1 axb5 22. axb5 Nxd4 23. Qxg6 Nxb5 24. Qxe6+ Qxe6 25. Nxe6 Kf7 26. Nd4 Nxd4 27. Bxd4 Bd2 28. Ke2 Bf4 29. Kf3 Bd2 30. Rhd1 Bb4 31. Kg3 Ke6 32. f4 g6 33. h5 gxh5 34. f5+ Ke7 35. gxh5 Rhg8+ 36. Kf4 Rg5 37. Bf2 Rf8 38. f6+ Ke6 39. Bd4 Rxh5 40. Ra1 Rf5+ 41. Ke3 Rxe5+ 42. Bxe5 Kxe5 43. Ra6 Bc5+ 44. Kf3 Bd4 45. Rd2 c3 46. Rh2 Rxf6+ 47. Rxf6 Kxf6 48. b4 Ke7 49. Rxh6 Bf6 50. Rh2 d4 51. Ke4 Kd8 52. Ra2 Kc8 53. Ra6 Bg5 54. Kxd4 Kb7 55. b5 c2 1/2-1/2

[Event "Teplice op 5th"]
[Site "Teplice"]
[Date "2010.06.16"]
[Round "5"]
[White "Kotrba, Matej"]
[Black "Rozsafny, Michal"]
[Result "1/2-1/2"]
[WhiteElo "1947"]
[BlackElo "1767"]
[PlyCount "84"]
[EventDate "2010.06.12"]
[EventType "swiss"]
[EventRounds "9"]
[EventCountry "CZE"]
[SourceTitle "CBM 136 Extra"]
[Source "ChessBase"]
[SourceDate "2010.07.02"]
[SourceVersion "2"]
[SourceVersionDate "2010.07.15"]
[SourceQuality "1"]

1. e4 c6 2. d4 d5 3. e5 Bf5 4. Be3 e6 5. Nd2 Nd7 6. Ngf3 Qb6 7. Nb3 c5 8. dxc5 Bxc5 9. Bxc5 Nxc5 10. Nxc5 Qxc5 11. Qd4 Qxd4 12. Nxd4 Ne7 13. Bb5+ Kd8 14. c4 a6 15. Ba4 dxc4 16. Nxf5 Nxf5 17. 0-0-0+ Kc8 18. g4 Nh4 19. f4 b5 20. Bc2 Rd8 21. Rxd8+ Kxd8 22. Be4 Ra7 23. Rd1+ Rd7 24. Bb7 Rxd1+ 25. Kxd1 Kc7 26. Bxa6 Kb6 27. Bc8 Ng2 28. f5 Ne3+ 29. Kd2 Nxg4 30. fxe6 fxe6 31. Bxe6 Nxe5 32. Kc3 Kc5 33. b3 b4+ 34. Kc2 c3 35. a3 Nf3 36. Bg8 Nd4+ 37. Kd3 c2 38. axb4+ Kxb4 39. Kd2 h5 40. h4 g6 41. Bf7 Ka3 42. Kc1 Kb4 1/2-1/2

[Event "Teplice op 5th"]
[Site "Teplice"]
[Date "2010.06.12"]
[Round "1"]
[White "Chmelik, Jiri"]
[Black "Rozsafny, Michal"]
[Result "1-0"]
[WhiteElo "2096"]
[BlackElo "1767"]
[PlyCount "77"]
[EventDate "2010.06.12"]
[EventType "swiss"]
[EventRounds "9"]
[EventCountry "CZE"]
[SourceTitle "CBM 136 Extra"]
[Source "ChessBase"]
[SourceDate "2010.07.02"]
[SourceVersion "2"]
[SourceVersionDate "2010.07.15"]
[SourceQuality "1"]

1. d4 d5 2. c4 c6 3. Nf3 Nf6 4. Nc3 dxc4 5. a4 Nd5 6. e4 Nxc3 7. bxc3 b5 8. Ne5 e6 9. Qf3 Qf6 10. Qg3 Be7 11. h4 g6 12. Bf4 Bb7 13. Ng4 Qg7 14. Bh6 Qg8 15. Qc7 Ba6 16. axb5 Bd8 17. Qd6 Bxb5 18. Bg5 Nd7 19. Bxd8 Rxd8 20. Rxa7 Qf8 21. Qf4 Qe7 22. e5 f5 23. exf6 Qf7 24. Be2 Rf8 25. Bf3 h5 26. Ne5 Qxf6 27. Qxf6 Rxf6 28. Bxc6 Bxc6 29. Nxc6 Rc8 30. Nb4 e5 31. dxe5 Nxe5 32. 0-0 Nd3 33. Nd5 Rd6 34. Ne3 Rb6 35. Rfa1 Rb2 36. Rg7 Rxf2 37. Raa7 Rf6 38. Nd5 Rf5 39. Rg8+ 1-0

[Event "CZE-chT U20 final-B 0910"]
[Site "Pavla Vlachovice"]
[Date "2010.04.25"]
[Round "11.6"]
[White "Kozusek, Daniel"]
[Black "Rozsafny, Michal"]
[Result "0-1"]
[WhiteElo "1494"]
[BlackElo "1730"]
[PlyCount "74"]
[EventDate "2010.04.23"]
[EventType "team-tourn"]
[EventRounds "11"]
[EventCountry "CZE"]
[SourceTitle "EXT 2011"]
[Source "ChessBase"]
[SourceDate "2010.11.26"]
[SourceVersion "1"]
[SourceVersionDate "2010.11.26"]
[SourceQuality "1"]
[WhiteTeam "Rychnov nad Kneznou (U20)"]
[BlackTeam "Udlice (U20)"]
[WhiteTeamCountry "CZE"]
[BlackTeamCountry "CZE"]

1. c4 e5 2. Nc3 Nf6 3. g3 d5 4. cxd5 Nxd5 5. Bg2 c6 6. Nf3 Bd6 7. d3 Be6 8. 0-0 Nd7 9. Bd2 0-0 10. a3 N7b6 11. Rc1 f6 12. Ne4 Rc8 13. Bc3 Qe7 14. Nfd2 Nxc3 15. Nxc3 Nd5 16. Nc4 Nxc3 17. Rxc3 Bd5 18. Bxd5+ cxd5 19. Nxd6 Qxd6 20. Qb3 Rxc3 21. bxc3 Qc6 22. Rb1 b6 23. Rc1 Rc8 24. Rc2 Kf8 25. e3 Ke7 26. c4 Qc5 27. Qc3 b5 28. Qb2 dxc4 29. dxc4 bxc4 30. Qb7+ Rc7 31. Qe4 g6 32. f4 f5 33. Qf3 e4 34. Qe2 Qxa3 35. Qd2 Rd7 36. Qe2 Qd3 37. Qf2 c3 0-1

[Event "CZE-chT U20 final-B 0910"]
[Site "Pavla Vlachovice"]
[Date "2010.04.23"]
[Round "8.6"]
[White "Rozsafny, Michal"]
[Black "Skorepa, Jakub"]
[Result "1-0"]
[WhiteElo "1730"]
[BlackElo "1483"]
[PlyCount "83"]
[EventDate "2010.04.23"]
[EventType "team-tourn"]
[EventRounds "11"]
[EventCountry "CZE"]
[SourceTitle "EXT 2011"]
[Source "ChessBase"]
[SourceDate "2010.11.26"]
[SourceVersion "1"]
[SourceVersionDate "2010.11.26"]
[SourceQuality "1"]
[WhiteTeam "Udlice (U20)"]
[BlackTeam "Bedrichov (U20)"]
[WhiteTeamCountry "CZE"]
[BlackTeamCountry "CZE"]

1. e4 c6 2. d4 d5 3. e5 Bf5 4. Nc3 e6 5. g4 Bg6 6. h4 h6 7. f4 Nd7 8. Bd3 Bxd3 9. Qxd3 Ne7 10. Nf3 Qb6 11. a3 c5 12. Na4 Qa5+ 13. Nc3 c4 14. Qe2 Nc6 15. Be3 b5 16. 0-0 Be7 17. f5 0-0-0 18. fxe6 fxe6 19. Nb1 Rdf8 20. b3 c3 21. b4 Bxb4 22. Nbd2 cxd2 23. axb4 Qb6 24. Qxd2 Kb7 25. c3 a6 26. h5 Qd8 27. Qa2 Qb6 28. Nh4 Rxf1+ 29. Rxf1 Rf8 30. Qe2 Qd8 31. Ng6 Rxf1+ 32. Qxf1 Qe8 33. Kg2 Ne7 34. Nf4 Qf7 35. Qd3 Nb6 36. Qh7 Nc4 37. Bc1 Kc7 38. Ng6 Nxg6 39. hxg6 Qd7 40. Bxh6 Qe7 41. Bxg7 Kd7 42. Bf6 1-0

[Event "CZE-ch U16"]
[Site "Kouty nad Desnou"]
[Date "2010.03.12"]
[Round "8"]
[White "Rozsafny, Michal"]
[Black "Jana, Martin"]
[Result "0-1"]
[WhiteElo "1753"]
[BlackElo "1804"]
[PlyCount "56"]
[EventDate "2010.03.06"]
[EventType "swiss"]
[EventRounds "9"]
[EventCountry "CZE"]
[SourceTitle "EXT 2012"]
[Source "ChessBase"]
[SourceDate "2011.11.24"]
[SourceVersion "1"]
[SourceVersionDate "2011.11.24"]
[SourceQuality "1"]

1. e4 d5 2. exd5 Qxd5 3. Nc3 Qa5 4. Bc4 c6 5. d3 Nf6 6. Bd2 Qc7 7. Nf3 Bf5 8. Qe2 e6 9. Nd4 Be7 10. Nxf5 exf5 11. 0-0-0 0-0 12. Bg5 b5 13. Rhe1 Bd8 14. Bb3 Nbd7 15. Qf3 h6 16. Bf4 Qb7 17. Bd6 Re8 18. Rxe8+ Nxe8 19. Qxf5 Nxd6 20. Qh5 Bg5+ 21. Kb1 Rf8 22. Ne4 Nxe4 23. dxe4 Qc7 24. h4 Be7 25. g4 Nc5 26. g5 Nxb3 27. axb3 g6 28. Qxh6 Rd8 0-1

[Event "CZE-ch U16"]
[Site "Kouty nad Desnou"]
[Date "2010.03.09"]
[Round "5"]
[White "Meduna, Eduard1111"]
[Black "Rozsafny, Michal"]
[Result "1-0"]
[WhiteElo "2422"]
[BlackElo "1753"]
[PlyCount "47"]
[EventDate "2010.03.06"]
[EventType "swiss"]
[EventRounds "9"]
[EventCountry "CZE"]
[SourceTitle "EXT 2012"]
[Source "ChessBase"]
[SourceDate "2011.11.24"]
[SourceVersion "1"]
[SourceVersionDate "2011.11.24"]
[SourceQuality "1"]

1. e4 c6 2. Ne2 d5 3. e5 Bf5 4. d4 Nd7 5. Ng3 Bg6 6. Bd3 Bxd3 7. Qxd3 e6 8. 0-0 c5 9. c3 cxd4 10. cxd4 Qb6 11. Nc3 Rc8 12. Bd2 Ne7 13. Rac1 Nc6 14. Na4 Qc7 15. a3 a6 16. b4 Nb6 17. Nc5 Nc4 18. Rc2 Bxc5 19. bxc5 0-0 20. Nh5 Ne7 21. Bh6 g6 22. Nf6+ Kh8 23. Qh3 Rg8 24. Bf8 1-0

[Event "CZE-ch U16"]
[Site "Kouty nad Desnou"]
[Date "2010.03.08"]
[Round "3"]
[White "Rozsafny, Michal"]
[Black "Strnad, Ondrej"]
[Result "1/2-1/2"]
[WhiteElo "1753"]
[BlackElo "1769"]
[PlyCount "46"]
[EventDate "2010.03.06"]
[EventType "swiss"]
[EventRounds "9"]
[EventCountry "CZE"]
[SourceTitle "EXT 2012"]
[Source "ChessBase"]
[SourceDate "2011.11.24"]
[SourceVersion "1"]
[SourceVersionDate "2011.11.24"]
[SourceQuality "1"]

1. e4 c5 2. Nf3 Nc6 3. d4 cxd4 4. Nxd4 g6 5. Nc3 Bg7 6. Be3 Nf6 7. Be2 0-0 8. Qd2 d5 9. Nxc6 bxc6 10. exd5 Nxd5 11. Nxd5 cxd5 12. c3 e6 13. 0-0 Qc7 14. Bh6 a5 15. Bxg7 Kxg7 16. Rfc1 Ba6 17. Bxa6 Rxa6 18. c4 dxc4 19. Qd4+ e5 20. Qxc4 Qxc4 21. Rxc4 Rd8 22. Rac1 Rad6 23. g3 Rd2 1/2-1/2

[Event "CZE-chTW U20 0910"]
[Site "Czech Republic"]
[Date "2010.01.23"]
[Round "6.6"]
[White "Rozsafny, Michal"]
[Black "Steinbach, Jan"]
[Result "1-0"]
[WhiteElo "1730"]
[BlackElo "1394"]
[PlyCount "61"]
[EventDate "2009.10.03"]
[EventType "team-tourn"]
[EventRounds "7"]
[EventCountry "CZE"]
[SourceTitle "EXT 2011"]
[Source "ChessBase"]
[SourceDate "2010.11.26"]
[SourceVersion "1"]
[SourceVersionDate "2010.11.26"]
[SourceQuality "1"]
[WhiteTeam "Udlice (U20)"]
[BlackTeam "Plzen (U20)"]
[WhiteTeamCountry "CZE"]
[BlackTeamCountry "CZE"]

1. e4 e5 2. Nf3 Nc6 3. d4 exd4 4. Nxd4 Bc5 5. Be3 Qf6 6. c3 Qg6 7. Nd2 Nf6 8. f3 d6 9. N2b3 Bb6 10. Qd2 a6 11. Bd3 Ne5 12. 0-0-0 Be6 13. Nxe6 Nxd3+ 14. Qxd3 Bxe3+ 15. Qxe3 fxe6 16. Nd4 e5 17. Nf5 Nh5 18. g3 Qf6 19. f4 g6 20. fxe5 Qxe5 21. Rd5 Qf6 22. g4 Ng7 23. Nxg7+ Qxg7 24. e5 Qe7 25. Re1 0-0-0 26. Qa7 Qg5+ 27. Kb1 Qh4 28. Rdd1 Qxh2 29. Qa8+ Kd7 30. Qxb7 Rb8 31. Rxd6+ 1-0

[Event "Pardubice KV op"]
[Site "Pardubice"]
[Date "2010.??.??"]
[Round "7"]
[White "Folta, Jaroslav"]
[Black "Rozsafny, Michal"]
[Result "0-1"]
[WhiteElo "1965"]
[BlackElo "1765"]
[PlyCount "104"]
[EventDate "2010.07.??"]
[EventType "swiss"]
[EventRounds "7"]
[EventCountry "CZE"]
[SourceTitle "EXT 2012"]
[Source "ChessBase"]
[SourceDate "2011.11.24"]
[SourceVersion "1"]
[SourceVersionDate "2011.11.24"]
[SourceQuality "1"]

1. d4 d5 2. Nf3 Nf6 3. Bf4 Bf5 4. e3 e6 5. Nbd2 Bd6 6. Bxd6 Qxd6 7. Be2 Nbd7 8. 0-0 0-0 9. c4 b6 10. Nh4 Bg6 11. Nxg6 hxg6 12. Bf3 g5 13. h3 g6 14. Rc1 Kg7 15. Re1 Rh8 16. e4 dxe4 17. Nxe4 Nxe4 18. Rxe4 Nf6 19. Re3 Rad8 20. Rd3 e5 21. Bd5 exd4 22. Rg3 Nxd5 23. cxd5 Qe5 24. Qc2 Rxd5 25. Qxc7 Qxc7 26. Rxc7 d3 27. Rc1 Rc8 28. Rd1 d2 29. Rc3 Rxc3 30. bxc3 Rd3 31. Kf1 Kf6 32. Ke2 Rxc3 33. Rxd2 Ke6 34. Kd1 Rc5 35. Ke2 f5 36. Ke3 Ke5 37. g3 Rc3+ 38. Ke2 f4 39. gxf4+ gxf4 40. f3 Rc1 41. Kf2 b5 42. Kg2 a5 43. h4 b4 44. Kh3 Rh1+ 45. Kg2 Rxh4 46. Rb2 Rh7 47. a3 Rb7 48. axb4 axb4 49. Kh3 Kd4 50. Kg4 Kc3 51. Re2 b3 52. Kxf4 b2 0-1

[Event "Pardubice KV op"]
[Site "Pardubice"]
[Date "2010.??.??"]
[Round "5"]
[White "Lorencova, Vera"]
[Black "Rozsafny, Michal"]
[Result "1-0"]
[WhiteElo "1990"]
[BlackElo "1765"]
[PlyCount "55"]
[EventDate "2010.07.??"]
[EventType "swiss"]
[EventRounds "7"]
[EventCountry "CZE"]
[SourceTitle "EXT 2012"]
[Source "ChessBase"]
[SourceDate "2011.11.24"]
[SourceVersion "1"]
[SourceVersionDate "2011.11.24"]
[SourceQuality "1"]

1. e4 c6 2. d4 d5 3. e5 Bf5 4. Nf3 e6 5. Be2 Nd7 6. 0-0 c5 7. c4 Ne7 8. Nc3 dxc4 9. Bxc4 Nc6 10. d5 Ncxe5 11. Nxe5 Nxe5 12. Qa4+ Nd7 13. dxe6 fxe6 14. Re1 Kf7 15. Rd1 Ke8 16. Bf4 a6 17. Qb3 Qb6 18. Qa4 Rd8 19. Re1 Qxb2 20. Nd5 Kf7 21. Bc7 b5 22. Qd1 bxc4 23. Bxd8 exd5 24. Qxd5+ Kg6 25. g4 Bxg4 26. Qg5+ Kf7 27. Qxg4 Qd4 28. Qe6# 1-0

[Event "Pardubice KV op"]
[Site "Pardubice"]
[Date "2010.??.??"]
[Round "4"]
[White "Rozsafny, Michal"]
[Black "Liska, Jiri1111"]
[Result "1-0"]
[WhiteElo "1765"]
[BlackElo "1940"]
[PlyCount "73"]
[EventDate "2010.07.??"]
[EventType "swiss"]
[EventRounds "7"]
[EventCountry "CZE"]
[SourceTitle "EXT 2012"]
[Source "ChessBase"]
[SourceDate "2011.11.24"]
[SourceVersion "1"]
[SourceVersionDate "2011.11.24"]
[SourceQuality "1"]

1. e4 Nf6 2. e5 Nd5 3. c4 Nb6 4. d4 d6 5. exd6 exd6 6. Nc3 Be7 7. Bd3 Nc6 8. Be3 Bf6 9. Nge2 Bg4 10. Qd2 0-0 11. h3 Bh5 12. 0-0 Nb4 13. Nf4 Bg6 14. Bxg6 fxg6 15. Ne6 Qe7 16. Nxf8 Qxf8 17. b3 Nc6 18. Rac1 Rd8 19. Ne4 Nd7 20. Bg5 Re8 21. Nxf6+ gxf6 22. Be3 Ne7 23. Rfe1 g5 24. f4 h6 25. fxg5 hxg5 26. Bf2 Kf7 27. Qe2 Nb6 28. Qh5+ Kg7 29. h4 Qf7 30. Qg4 Rh8 31. hxg5 f5 32. Qe2 Nbc8 33. d5 Rh5 34. Bd4+ Kf8 35. Bf6 Qh7 36. Qe6 f4 37. g6 1-0

[Event "Pardubice KV op"]
[Site "Pardubice"]
[Date "2010.??.??"]
[Round "1"]
[White "Smid, Miroslav"]
[Black "Rozsafny, Michal"]
[Result "1-0"]
[WhiteElo "2200"]
[BlackElo "1765"]
[PlyCount "81"]
[EventDate "2010.07.??"]
[EventType "swiss"]
[EventRounds "7"]
[EventCountry "CZE"]
[SourceTitle "EXT 2012"]
[Source "ChessBase"]
[SourceDate "2011.11.24"]
[SourceVersion "1"]
[SourceVersionDate "2011.11.24"]
[SourceQuality "1"]

1. Nf3 c6 2. c4 d5 3. b3 Bf5 4. Bb2 Nf6 5. g3 e6 6. Bg2 Be7 7. 0-0 Nbd7 8. d3 0-0 9. Nbd2 Qc7 10. Rc1 Rac8 11. Rc2 Rfd8 12. Qa1 c5 13. h3 d4 14. Nh4 Bg6 15. Nxg6 hxg6 16. b4 b6 17. bxc5 bxc5 18. Rb1 Rb8 19. Bc1 Rxb1 20. Qxb1 Rb8 21. Rb2 Rxb2 22. Qxb2 Qb6 23. Qa3 Bd6 24. Nb3 Qc7 25. Bd2 Nh5 26. Ba5 Qb8 27. Qa4 Bxg3 28. Qxd7 Bxf2+ 29. Kxf2 Qg3+ 30. Kf1 Qf4+ 31. Bf3 Ng3+ 32. Ke1 Qe3 33. Qd8+ Kh7 34. Qh4+ Nh5 35. Bxh5 gxh5 36. Qxh5+ Kg8 37. Qf3 Qg1+ 38. Qf1 Qg3+ 39. Kd1 Qd6 40. Qf3 a6 41. Kc2 1-0